000 00970nam a2200229 a 4500
001 000042013
005 20201002035903.0
008 131030s2003 sp a 001 0 spa d
020 _a8400081927
040 _aDO-SdBNP
_bspa
_cBNPHU
100 1 _aBenito Monclús, Pere
_968961
245 1 0 _aSenyoria de la terra i tinença pagesa al Comtat de Barcelona :
_bsegles XI-XIII /
_cPere Benito i Monclús.
260 _aBarcelona :
_bCSIC,
_c2003.
300 _a831 p. ; :
_bil. ;
_c25 cm.
490 1 _aAnuario de estudios medievales.
_aAnejo ;
_v51
500 _aXVIIIè Premi Ferran Soldevila de Biografía, Memòries i Estudis Històrics atorgat per Fundació Congrés de Cultura Catalana
500 _aIncluye índices
504 _aBibliografía
504 _aIncluye referencias bibliográficas y notas al pie de las páginas
710 2 _aConsejo Superior de Investigaciones Científicas (España)
_915178
830 0 _aAnuario de estudios medievales.
_pAnejo
_964050
999 _c41502
_d41502